00833cam a2200205 4500020001500000040000800015082002600023100001700049245021400066250001200280260006000292300003500352500001700387650001000404700001800414710003000432942001000462999001700472952013800489 a1863200797 cDLC00a636 DRA 1571 C284 Or.1 aPryor, W. J.10a Draught animal power in the Asian-Australasian Region :ba workshop held in conjunction with 6th Asian-Australasian Association of Animal Production Societies, Congress, 23-28 November 1992, Bangkok, Thailand a2nd ed. a[St. Lucia, Brisbane]bUniversity of Queenslandc[1571] a84 l.bgraphs, tables.c26 cm. aCover title. 0aSheep1 aSmith, I. D.,2 aUniversity of Queensland. cAEDBB c22382d22382 0010406636_000000000000000_DRA_1571_C284_OR70996711aLBCbLBCcC284d2023-12-11o636 DRA 1571 C284 Or.pa11782r2023-12-11yAEDBB